书目信息 |
| 题名: |
结构力学
|
|
| 作者: | 阳日 , 莫宣志 主编 | |
| 分册: | ||
| 出版信息: | 重庆 重庆大学出版社 2006.07 |
|
| 页数: | 288页 | |
| 开本: | 28cm | |
| 丛书名: | ||
| 单 册: | ||
| 中图分类: | TU311 , O342 | |
| 科图分类: | ||
| 主题词: | 固体力学 | |
| 电子资源: | ||
| ISBN: | 7-5624-1680-X | |
| 000 | 00591nam0 2200217 45 | |
| 001 | 1265991726 | |
| 005 | 20120407182108.12 | |
| 010 | @a7-5624-1680-X@dCNY 25.00 | |
| 100 | @a20000821d2006 km y0chiy0120 ea | |
| 101 | 0 | @achi |
| 200 | 1 | @a结构力学@AJie Gou Li Xue@f阳日,莫宣志主编@FYang Ri,Mo Xuan Zhi Zhu Bian |
| 205 | @a3版 | |
| 210 | @a重庆@c重庆大学出版社@d2006.07 | |
| 215 | @a288页@d28cm | |
| 606 | 0 | @a固体力学 |
| 690 | @aTU311@v3 | |
| 690 | @aO342@v4 | |
| 701 | 0 | @a阳日@4主编 |
| 701 | 0 | @a莫宣志@4主编 |
| 801 | @aCN@bPftUser@c20091215 | |
| 905 | @b113733-742@dO342@eY1341=3@f10 | |
| 结构力学/阳日,莫宣志主编.-3版.-重庆:重庆大学出版社,2006.07 |
| 288页;28cm |
| ISBN 7-5624-1680-X:CNY 25.00 |
| ● |
| 相关链接 |
|
|
|
正题名:结构力学
索取号:O342/Y1341=3
 
预约/预借
| 序号 | 登录号 | 条形码 | 馆藏地/架位号 | 状态 | 备注 |
| 1 | 485329 | 204853293 | 土木与交通工程学院资料室/ [索取号:O342/Y1341=3] | 在馆 |